| 000 | 00427nam a2200157 a 4500 | ||
|---|---|---|---|
| 001 | 1578 | ||
| 003 | CDMR | ||
| 005 | 20130522135916.0 | ||
| 008 | 130130s2001||||||||||||||||||||||||||||d | ||
| 040 |
_aCDMR _bcat _cCDMR |
||
| 100 | 1 |
_aNavarro, Pepe _91183 |
|
| 245 | 1 | 0 |
_aHumana-mente posibles _b: Historias personales e instantáneas _cPepe Navarro |
| 260 |
_aBarcelona _c2001 _bSalvat |
||
| 650 | 0 | 4 |
_93096 _aFotografia |
| 942 |
_cMON _2ddc |
||
| 999 |
_c1578 _d1578 |
||